Fe de ratas / (Record no. 367)

MARC details
000 -LEADER
campo de control de longitud fija 00905cam a2200313Ia 4500
001 - NÚMERO DE CONTROL
campo de control 7755667
005 - FECHA Y HORA DE LA ÚLTIMA TRANSACCIÓN
campo de control 20220326193306.0
008 - DATOS DE LONGITUD FIJA--INFORMACIÓN GENERAL
campo de control de longitud fija 100413s2009 cr 000 m spa d
020 ## - NÚMERO INTERNACIONAL ESTÁNDAR DEL LIBRO
Número Internacional Estándar del Libro 9781616234379
020 ## - NÚMERO INTERNACIONAL ESTÁNDAR DEL LIBRO
Número Internacional Estándar del Libro 1616234377
035 ## - NÚMERO DE CONTROL DEL SISTEMA
Número de control de sistema (OCoLC)ocn606960123
035 ## - NÚMERO DE CONTROL DEL SISTEMA
Número de control de sistema (OCoLC)606960123
035 ## - NÚMERO DE CONTROL DEL SISTEMA
Número de control de sistema (NNC)7755667
040 ## - FUENTE DE CATALOGACIÓN
Centro catalogador/agencia de origen CSL
Lengua de catalogación eng
Centro/agencia transcriptor CSL
082 ## - NÚMERO DE LA CLASIFICACIÓN DECIMAL DEWEY
Número de clasificación 861.44
Número de ítem Y95f
090 ## - LOCALMENTE ASIGNADO TIPO-LC NÚMERO DE CLASIFICACIÓN (OCLC); NÚMERO DE CLASIFICACIÓN LOCAL (RLIN)
Número de clasificación (OCLC) (R) ; Numero de clasificación, CALL (RLIN) (NR) PQ7489.3.Y87
Número cutter local (OCLC) ; Número de libro/Signatura topográfica íntegra, CALL (RLIN) F4 2009
100 1# - ENTRADA PRINCIPAL--NOMBRE DE PERSONA
Nombre de persona Yuré, Luis.
9 (RLIN) 1743
245 10 - MENCIÓN DEL TÍTULO
Título Fe de ratas /
Mención de responsabilidad, etc. Luis Yuré.
260 ## - PUBLICACIÓN, DISTRIBUCIÓN, ETC.
Lugar de publicación, distribución, etc. San José, Costa Rica :
Nombre del editor, distribuidor, etc. Editorial Germinal,
Fecha de publicación, distribución, etc. c2009.
300 ## - DESCRIPCIÓN FÍSICA
Extensión 153 p. ;
Dimensiones 21 cm.
Otras características físicas ill.; col
490 1# - MENCIÓN DE SERIE
Mención de serie Colección Lumpen ;
Designación de volumen o secuencia 71
500 ## - NOTA GENERAL
Nota general Poems and a play.
650 ## - PUNTO DE ACCESO ADICIONAL DE MATERIA--TÉRMINO DE MATERIA
Término de materia o nombre geográfico como elemento de entrada Literatura
Subdivisión general Poesía
Subdivisión geográfica Costa Rica
9 (RLIN) 648
655 ## - TERMINO DE INDIZACIÓN--GENERO/FORMA
Datos o término principal de género/forma Teatro- Poesía
9 (RLIN) 1744
700 ## - ENTRADA AGREGADA--NOMBRE PERSONAL
Nombre de persona Yuré, Luis.
9 (RLIN) 1745
830 #0 - PUNTO DE ACCESO ADICIONAL DE SERIE-TÍTULO UNIFORME
Título uniforme Colección Lumpen ;
Designación de volumen o secuencia 71.
9 (RLIN) 1746
948 1# - PROCESAMIENTO DE INFORMACIÓN LOCAL (OCLC); DESIGNADOR DE PARTE DE LA SERIE (RLIN)
Designador de la parte de la serie, SPT (RLIN) 20100428
b (OCLC) c
c (OCLC) hew2
d (OCLC) MPS
Holdings
Estatus retirado Estado de pérdida Fuente del sistema de clasificación o colocación Estado de daño No para préstamo Biblioteca de origen Biblioteca actual Ubicación en estantería Fecha de adquisición Total de préstamos Signatura topográfica completa Código de barras Visto por última vez Precio de reemplazo Tipo de ítem Koha
    Clasificación Decimal Dewey     Biblioteca LadoV Biblioteca LadoV   21/11/2014   861.44 Y95f 000541 21/11/2014 21/11/2014 Material 01